Racionalizácia navrhovania výrobného systému prostredníctvom CA systémov

Enregistré dans:
Détails bibliographiques
Auteur principal: Gyárfás, Peter, 1986- (Auteur)
Autres auteurs: Matúšová, Miriam, 1977- (Directeur de thèse)
Format: Manuscrit Livre
Langue:slovaque
Publié: STU v Bratislave MTF UVSM KTZS, 2010
Sujets:
Accès en ligne:VAIS
Tags: Ajouter un tag
Pas de tags, Soyez le premier à ajouter un tag!

MARC

LEADER 00000ntm a22000003a 4500
001 stu206252
005 20160719160153.3
008 100702s2010------------------------slo-d
040 |a STU  |b slo 
041 0 |a slo 
100 1 |a Gyárfás, Peter,  |d 1986-  |4 aut  |X 26289  |7 A000026289 
242 0 0 |a Rationalization of manufacturing system designing through CA systems  |y eng 
245 1 |a Racionalizácia navrhovania výrobného systému prostredníctvom CA systémov 
260 |b STU v Bratislave MTF UVSM KTZS,  |c 2010 
650 7 |a CA systémy  |2 stusub 
650 7 |a výrobný systém  |2 stusub 
650 7 |a pružné výrobné systémy  |2 stusub 
650 7 |a pružná výrobná bunka  |2 stusub 
700 1 |a Matúšová, Miriam,  |d 1977-  |4 ths  |u M2000  |U MTF Materiálovotechnologická fakulta  |T MTF Ústav výrobných systémov a aplikovanej mechaniky  |X 4309  |U M2000  |Y 82  |7 A000004309 
856 4 |a info a plný text  |u http://is.stuba.sk/zp/portal_zp.pl?podrobnosti=58502  |3 VAIS 
996 |c M*DP-8862  |l MMSKP  |s P  |a 0  |w stu206252_0001